000
00311nam a22001457a 4500
008
210224b ||||| |||| 00| 0 eng d
020
_a
9780070468146
041
_a
eng
080
_2
13th
_a
330
082
_a
330
100
_a
52
101
_a
MIKRO
245
_a
Economics
_c
McCONNELL,C. R
942
_2
udc
_c
BK
999
_c
55126
_d
55126